000
00304nam a2200121Ia 4500
008
191206s9999 xx 000 0 und d
090
_a
PR4568A2P66
245
0
_a
Our Mutual Friend
260
_a
The Modern Library
260
_c
c1916
300
_a
1 print.
999
_c
16630
_d
16630